00461nam a2200145Ia 4500008004100000041000800041082001500049100001900064245001500083260003400098300003300132365001100165999001700176952012200193240624s9999 xx 000 0 und d aeng a658.84 KUL aKULKARNI PARAG aE BUSINESS c2012aNew DelhibOxford India axviii, : 452 : p. : cm. ; 24 cRSb31 c23119d23119 00104070aIMTNbIMTNcRack 36-Bd2014-09-26eVBCg375.00o658.84 KULp23119r2024-06-24 00:00:00t1w2024-06-24yBK